000 00907nas a2200277 4500
001 BR2011002232
003 BR-BrBNA
005 20231205115244.0
007 ta
008 230509b bl.|||p| |||| 00| 00por d
040 _aBR-BrBNA
_bpor
_cBiblioteca Nacional de Agricultura
041 _a(Pt)
072 _aF02; F04
100 1 _aPaulus, D.
100 1 _aPaulus, E.
245 1 _aEfeito de substratos agrícolas na produção de mudas de hortelã propagadas por estaquia
650 _aMENTHA ARVENSIS
650 _aMENTA
650 _aSUBSTRATO DE CULTURA
650 _aMATERIAL DE PROPAGAÇÃO
650 _aESTACA
773 0 _tHorticultura Brasileira (Brazil)
_xISSN 0102-0536
_g(Oct-Dec 2007), v. 25(4) p. 594-597
_wBR2011002232
856 4 _uhttp://www.scielo.br/pdf/hb/v25n4/a20v25n4.pdf
_yRecurso eletrônico (PDF)
909 _a202311
_bLúcia
_c55
_dLúcia Elande
942 _2AGRIS
_n0
_cANA
999 _c212861
_d212861